Prehlbovanie a zdokonaľovanie socialistického spôsobu života v etape budovania rozvinutej socialistickej spoločnosti Čiastková úloha. 906 111 201 05

Guardado en:
Detalles Bibliográficos
Formato: Libro
Lenguaje:eslovaco
Publicado: Bratislava Výskumný ústav sociálneho rozvoja a práce 1985
Colección:Výskumná úloha 307
Etiquetas: Agregar Etiqueta
Sin Etiquetas, Sea el primero en etiquetar este registro!

MARC

LEADER 00000nam a2200000 4500
001 c034243
005 20240419072425.1
041 0 |a slo 
044 |a SK 
245 1 0 |a Prehlbovanie a zdokonaľovanie socialistického spôsobu života v etape budovania rozvinutej socialistickej spoločnosti  |b Čiastková úloha. 906 111 201 05 
264 1 |a Bratislava  |b Výskumný ústav sociálneho rozvoja a práce  |c 1985 
300 |a 100 s. 
490 1 |a Výskumná úloha  |v 307 
830 0 |a Výskumná úloha  |v 307